Famous Nepo Babies - Statistics

General Stats
  • This quiz has been taken 23 times
    12 since last reset
  • The average score is 12 of 28
Answer Stats
Parent(s) Nepo Baby % Correct
Billy Ray Cyrus Miley
100%
Johnny Depp, Vanessa Paradis Lily-Rose
83%
Ethan Hawke, Uma Thurman Maya
83%
John Aniston Jennifer
75%
Lenny Kravitz, Lisa Bonet Zoe
67%
Jon Voight Angelina Jolie
50%
David Beckham, Victoria Beckham Brooklyn
50%
Eugene Levy Dan
50%
JJ Abrams Gracie
50%
Judd Apatow , Leslie Mann Maude
50%
Kirk Douglas Michael
50%
Marc Platt Ben
42%
Jerry Miller, Anne Meara Ben
42%
Dennis Quaid, Meg Ryan Jack
42%
Denzel Washington John David
42%
Cindy Crawford Kaia
42%
Vincente Minnelli, Judy Garland Liza
42%
Andie Macdowell Margaret Qualley
33%
Clint Eastwood Scott
33%
John Lennon, Yoko Ono Sean
33%
Kurt Cobain, Courtney Love Frances Bean
25%
Kate Moss Lila Moss Hack
25%
August Coppola Nicolas
25%
Philip Seymour Cooper
17%
Flavio Briatore, Heidi Klum Leni
17%
Bill Pullman Lewis
17%
Ice Cube O’Shea Jackson
17%
Jack Nicholson Ray
17%
No matching quizzes found
Score Distribution
Percent of People with Each Score
Percentile by Number Answered
Your Score History
You have not taken this quiz since the last reset